00583nam a22001697a 450000500170000001000150001702000300003203500140006203700130007608200060008910000220009524501160011726000460023327000670027930000210034670000460036720210713150325.0 aENG-129546 c995.00a978-0-19-948675-5 aEN-113078 bDBAD/PUB aS aTagore and Tagore aFantasy fictions from the bengal renaissance:The Make - Believe prince, Toddy- cat the Bold/cby Tagore &Tagore aNew DelhibOxford university pressc2018 bNew Delhia2/11 ground floor, ansari road , Daryaganj,e110002 a339p;c21cm(pbk) aTranslated and Annotated by Sanjay Sircar